Statistics for The 30 Quiz

Click here to take the quiz!

General Stats

  • This quiz has been taken 142 times
  • The average score is 75 of 100

Answer Stats

30% Correct
30
100%
30
96%
30
96%
30
96%
30
96%
30
96%
30
96%
30
96%
30
96%
30
96%
30
96%
30
96%
30
96%
30
96%
30
96%
30
96%
30
96%
30
96%
30
96%
30
94%
30
94%
30
94%
30
94%
30
90%
30
90%
30
90%
30
88%
30
88%
30
88%
30
88%
30
88%
30
88%
30
88%
30
88%
30
88%
30
88%
30
88%
30
88%
30
88%
30
88%
30
88%
30
88%
30
88%
30
88%
30
88%
30
85%
30
85%
30
85%
30
85%
30
85%
30
81%
30
77%
30
77%
30
75%
30
75%
30
75%
30
75%
30
75%
30
75%
30
75%
30
75%
30
75%
30
73%
30
73%
30
73%
30
73%
30
71%
30
65%
30
65%
30
65%
30
65%
30
65%
30
65%
30
63%
30
63%
30
58%
30
56%
30
56%
30
56%
30
56%
30
54%
30
54%
30
54%
30
54%
30
54%
30
50%
30
48%
30
48%
30
46%
30
46%
30
44%
30
42%
30
42%
30
42%
30
42%
30
40%
30
40%
30
40%
30
40%
30
38%

Score Distribution

Percentile by Number Answered

Percent of People with Each Score

Your Score History

You have not taken this quiz